| 000 | 00947nas a2200253 i 4500 | ||
|---|---|---|---|
| 001 | 2071 | ||
| 003 | ES-MaACL | ||
| 005 | 20250828062529.0 | ||
| 007 | t| | ||
| 008 | 950801d19531982fr q| | 1 ||re d | ||
| 080 | _a613/614 | ||
| 245 | 0 | 0 |
_aRevue française d'hygiène et medecine scolaire et universitaire _b: bulletin de l'Association Française d'Hygiene Scolaires et Universitaire. |
| 260 |
_aParis : _bG. Dion et Cie, _c1953-1982 ( _eNiort : _fNicolás) |
||
| 300 |
_a1 v. ; _c24 cm. |
||
| 310 | _aTrimestral | ||
| 362 | 0 | _aT. 6, n° 1 (1953)-t. 35, n° 3/4 (1982) | |
| 650 | 7 |
_aEducación _2embne _912073 |
|
| 650 | 1 | 4 |
_aHigiene. Sanidad. _913357 |
| 710 | 2 |
_aAssociation Française d'Hygiène Scolaire et Universitaire ( _cParís) _9194372 |
|
| 785 | 0 | 0 |
_aRevue d'hygiène et medecine scolaire et universitaire _d1960 |
| 852 |
_aES-MaACL _jHEM-H-344 _xHem-1515 _d |
||
| 866 | 0 | _o1954-58(1959f.n.3-4)1960(1961). | |
| 999 |
_c2071 _d2071 |
||